| 000 | 01222cam a2200337 i 4500 | ||
|---|---|---|---|
| 001 | 13301242 | ||
| 003 | EG-ScBUE | ||
| 005 | 20230807122954.0 | ||
| 008 | 030805s1909 nyu f 001 0 eng d | ||
| 020 | _a0710308132 | ||
| 040 |
_aDLC _beng _erda _cDLC _dEG-ScBUE |
||
| 041 | 1 |
_aeng _hfre |
|
| 043 | _af-ua--- | ||
| 082 | 0 | 4 |
_222 _a916.2 _bLOT |
| 100 | 1 |
_aLoti, Pierre, _d1850-1923, _eauthor. _910978 |
|
| 240 | 1 | 0 |
_aMort de Philae. _lEnglish |
| 245 | 1 | 0 |
_aEgypt / _cBy Pierre Loti ; translated from the French by W. P. Baines ; with frontispiece by A. Lamplough. |
| 264 | 1 |
_aNew York : _bFrederick A. Stokes, _c[1909] |
|
| 300 |
_avi, 309 pages ; _c25 cm |
||
| 336 |
_2rdacontent _atext _btxt |
||
| 337 |
_2rdamedia _aunmediated _bn |
||
| 338 |
_2rdacarrier _avolume _bnc |
||
| 500 | _aIncludes index. | ||
| 546 | _aText in English ; translated from the French language. | ||
| 651 | 7 |
_aEgypt _xDescription and travel. _2BUEsh _910979 |
|
| 655 | _vReading book | ||
| 700 | 1 |
_aBaines, W. P. _q(William Peter), _db. 1878, _etranslator. _910980 |
|
| 700 | 1 |
_aLamplough, A. O. _q(Augustus O.) _econtributor. |
|
| 942 |
_2ddc _cBB |
||
| 999 |
_c13284 _d13284 |
||